000 00762nam a2200265Ia 4500
003 OSt
005 20220918184604.0
006 a|||||r|||| 00| 0
007 ta
008 220917b |||||||| |||| 00| 0 eng d
024 _a47,211
037 _cTextual
040 _aARTS
_cARTS
_beng
041 _2eng
_aeng
082 _aP, K66 (PD)-;2
100 _aGreenberg Joseph H
245 0 _aLanguage universals
_b with special reference to feature hierarchies
260 _aHague
_bMouton
_c1966
300 _a89p.
_ccm.
490 _aJanua linguarum : Series minor ed by C H Van Schoonveld; 59
500 _aBib 88-89p
650 _aLINGUISTICS
942 _hP, K66 (PD)-;2
_cTEXL
_2CC
999 _c177080
_d177080